| 000 | 00850nam a2200277Ia 4500 | ||
|---|---|---|---|
| 003 | OSt | ||
| 005 | 20220918171217.0 | ||
| 006 | a|||||r|||| 00| 0 | ||
| 007 | ta | ||
| 008 | 220917b |||||||| |||| 00| 0 eng d | ||
| 020 |
_a9781412900447 (hbk) _c474476.02 |
||
| 024 | _a233,144 | ||
| 037 |
_b9950, 22/10/2007, Overseas Press _cTextual |
||
| 040 |
_aARTS _cARTS _beng |
||
| 041 |
_2eng _aeng |
||
| 082 | _aN(Y:38), P6 | ||
| 100 |
_aManghani Sunil Ed. _934789 |
||
| 245 | 0 |
_aImages _b a reader |
|
| 260 |
_aLondon _bSage Publications UK _c2006 |
||
| 300 |
_axix, 331p. _ccm. |
||
| 650 | _aARTS | ||
| 700 |
_a Piper Arthur Ed. _934790 |
||
| 700 |
_a Simons Jon Ed. _934791 |
||
| 942 |
_hN(Y:38), P6 _cTEXL _2CC |
||
| 999 |
_c138346 _d138346 |
||